000
00336nam a2200145Ia 4500
008
230718s9999 xx 000 0 und d
041
_a
Eng.
082
_a
346.42
_b
KHO-C
100
_a
Khokkar,Sharif M
245
0
_a
court fees act 1870
260
_a
Pakistan
_b
Al.noor law book
_c
2013
300
_a
232
650
_a
Law
999
_c
30253
_d
30253